Statistics for Fast Typing 'D' Words

Click here to take the quiz!

General Stats

  • This quiz has been taken 1,197 times
  • The average score is 10 of 12

Answer Stats

HintAnswer% Correct
DastardlyDastardly
97%
DarkenedDarkened
95%
DepartmentsDepartments
95%
DescendingDescending
94%
DryestDryest
93%
DeforestationDeforestation
88%
DerogatoryDerogatory
84%
DraconianDraconian
81%
DominionDominion
77%
DalmationDalmation
73%
DecametersDecameters
60%
DisownedDisowned
57%

Score Distribution

Percentile by Number Answered

Percent of People with Each Score

Your Score History

You have not taken this quiz